1157 1259 1824 1426 1529 1791 1597 1252 1801 1699 1493 1789 1118 1157 1370 1460 1940 1097 1850 1987 1219 1708 1473 1889 1207 1057 1445 1044 1745 1294 1004 1644 1473 1707 1264 1700 1470 1299 1366 1218 1775 1274 1122 1784 1521 1983 1831 1469 1367 1625 1870 1114 1732 1284 1602 1673 1777 1597 1265 1767 1457 1311 1375 1592 1957 1373 1542 1166 1901 1373 1953 1880 1992 1628 1857 1041 1143 1602 1132 1261 1410 1916 1122 1226 1533 1526 1644 1214 1881 1893 1236 1050 1287 1900 1847 1509 1796 1208 1507 BCNSPRNW ULIB Ver.6.0+V

เปลี่ยนเป็นภาษาไทย

Change to English
 แสดงรายละเอียดบรรณานุกรม
  กลับหน้าหลัก

Brief Record : Get Marc (ISO 2709) : E-mail record : QR code < ปิดหน้าต่าง
LEADER : 00000nam 2200000uu 4500
001    13399112147
003     ULIB
008    110708s2550||||th 000 0 tha d
020    9744140081
050 04 HF5386^bK111ค 2550
100 0  Kevin Hogan
245 10 คู่มือโน้มน้าวใจคน =^b The science of influence/^cKevin Hogan
246 31 The science of influence
250    พิมพ์ครั้งที่ 1
260    กรุงเทพฯ :^bบิสกิต,^c2550
300    343 หน้า
650  7 การบริหารงานบุคคล
650  7 การโน้มน้าว
945    ^p259^l0^i024837
945    ^p259^l0^i024838
945    ^p259^l0^i024401
995    ทศพร
999 ^a ใช้งานได้ทุกระบบ
รายการนี้ยังไม่มีแท็ก
คุณยังไม่ได้ล็อกอิน คุณสามารถมีกิจกรรมร่วมกับเว็บไซต์ได้ แต่ต้องล็อกอินก่อน ::
  ล็อกอิน

รายการสื่อสารสนเทศ

ลำดับที่ ประเภท เลขเรียก/บาร์โค้ด สถานที่ สถานะ
- ไม่พบข้อมูล -

รายการใกล้เคียง
    หัวเรื่อง [การบริหารงานบุคคล]
    หัวเรื่อง [การโน้มน้าว]

BibComment


ยังไม่เคยถูกคอมเมนท์

คอมเมนท์ทรัพยากรรายการนี้
  คอมเมนท์: คู่มือโน้มน้าวใจค..


 Copyright 2026. Bcnsprnw @Library